[Event "Paleochora op 13th"]
[Site "Paleochora"]
[Date "2020.07.19"]
[Round "3"]
[White "Mohammadi Nia, Borna"]
[Black "Marantidis, Panagiotis"]
[Result "1-0"]
[WhiteElo "2165"]
[BlackElo "1734"]
[PlyCount "75"]
[EventDate "2020.07.18"]
[EventType "swiss"]
[EventRounds "9"]
[EventCountry "GRE"]
[SourceTitle "EXT 2021"]
[Source "ChessBase"]
[SourceDate "2020.10.23"]
[SourceVersion "1"]
[SourceVersionDate "2020.10.23"]
[SourceQuality "1"]

1. e4 c5 2. Nf3 Nc6 3. Bb5 a6 4. Bxc6 dxc6 5. d3 Bg4 6. h3 Bxf3 7. Qxf3 e5 8. Be3 Qf6 9. Qe2 Bd6 10. Nd2 b5 11. 0-0 Qg6 12. Nb3 Ne7 13. Bxc5 0-0 14. Qe3 Bxc5 15. Nxc5 Rad8 16. Nxa6 f5 17. f4 exf4 18. Rxf4 Qd6 19. Nc5 g5 20. Rff1 f4 21. Qf2 Rde8 22. d4 Ng6 23. e5 Qd8 24. Ne4 Re6 25. a4 b4 26. a5 Nh4 27. a6 h6 28. a7 Qa8 29. Nf6+ Rfxf6 30. exf6 Rxf6 31. Rfe1 Rf8 32. d5 f3 33. g3 Ng6 34. d6 Rd8 35. d7 Nf8 36. Re8 Rxe8 37. dxe8Q Qxe8 38. a8Q 1-0

[Event "Thessaloniki-Chalkidiki-chT B local"]
[Site "Thessaloniki"]
[Date "2019.03.03"]
[Round "7.1"]
[White "Konstantinou, Konstantinos"]
[Black "Marantidis, Panagiotis"]
[Result "1-0"]
[WhiteElo "1907"]
[BlackElo "1772"]
[PlyCount "99"]
[EventDate "2019.01.13"]
[EventType "team-swiss"]
[EventRounds "9"]
[EventCountry "GRE"]
[SourceTitle "EXT 2020"]
[Source "ChessBase"]
[SourceDate "2019.10.17"]
[SourceVersion "1"]
[SourceVersionDate "2019.10.17"]
[SourceQuality "1"]

1. Nf3 c5 2. c4 Nf6 3. Nc3 Nc6 4. d4 cxd4 5. Nxd4 d6 6. e4 Nxd4 7. Qxd4 e5 8. Qd3 Be6 9. Be2 Be7 10. 0-0 0-0 11. f4 Bg4 12. Bxg4 Nxg4 13. Nd5 Nf6 14. fxe5 dxe5 15. Qg3 Re8 16. Bh6 Nh5 17. Qf3 Bc5+ 18. Kh1 Qh4 19. Bd2 f5 20. Be1 Qg4 21. Nc7 Qxe4 22. Qxh5 g6 23. Qf3 Qxc4 24. Qb3 Qxb3 25. axb3 Rac8 26. Nxe8 Rxe8 27. b4 Bd4 28. Bf2 a6 29. Bxd4 exd4 30. Rad1 Re2 31. Rxd4 Rxb2 32. h4 Kg7 33. Rc1 Kf6 34. Rc7 Ke5 35. Rdc4 b5 36. R4c6 Rxb4 37. Rxa6 Rxh4+ 38. Kg1 Kd5 39. Ra8 h6 40. Rd8+ Ke6 41. Rb7 b4 42. Rdb8 Rc4 43. Rxb4 Rc1+ 44. Kh2 Ke5 45. Rh8 Rc2 46. Rxh6 Rc6 47. Rh8 g5 48. Re8+ Kf6 49. Rb5 f4 50. Ree5 1-0

[Event "Thessaloniki-Chalkidiki-chT B local"]
[Site "Thessaloniki"]
[Date "2019.02.10"]
[Round "4.1"]
[White "Marantidis, Panagiotis"]
[Black "Metaxas, Efstathios"]
[Result "0-1"]
[WhiteElo "1772"]
[BlackElo "1946"]
[PlyCount "124"]
[EventDate "2019.01.13"]
[EventType "team-swiss"]
[EventRounds "9"]
[EventCountry "GRE"]
[SourceTitle "EXT 2020"]
[Source "ChessBase"]
[SourceDate "2019.10.17"]
[SourceVersion "1"]
[SourceVersionDate "2019.10.17"]
[SourceQuality "1"]

1. e4 d5 2. exd5 Nf6 3. Be2 Nxd5 4. Nf3 g6 5. d4 Bg7 6. c4 Nb6 7. 0-0 0-0 8. Nc3 Nc6 9. Be3 Bf5 10. Rc1 e5 11. d5 Ne7 12. Bc5 Re8 13. Bxe7 Qxe7 14. c5 Qxc5 15. Nb5 Qxd5 16. Nxc7 Qxa2 17. Nxa8 Rxa8 18. b3 e4 19. Ng5 Bf6 20. Rc2 Qa5 21. Qc1 e3 22. Rc5 exf2+ 23. Kh1 Qa2 24. Rxf5 gxf5 25. Bh5 Rf8 26. Qe3 Nd5 27. Qg3 f4 28. Qd3 Bxg5 29. Qxd5 h6 30. Bf3 Qa6 31. Qd1 Rd8 32. Qb1 Qd3 33. Qd1 Qxd1 34. Bxd1 Rd2 35. h3 Rb2 36. Kh2 Bh4 37. g3 fxg3+ 38. Kg2 f5 39. Bf3 Rxb3 40. Bd5+ Kf8 41. Bxb3 f4 42. Bd5 b6 43. Kf3 Bg5 44. Kg4 Ke7 45. h4 Kd6 46. Bf3 Bf6 47. h5 Bg5 48. Rd1+ Kc5 49. Kf5 b5 50. Ke4 b4 51. Rd5+ Kc4 52. Be2+ Kc3 53. Rc5+ Kd2 54. Kf3 b3 55. Rd5+ Kc3 56. Rxg5 hxg5 57. h6 g4+ 58. Ke4 b2 59. Bd3 f1Q 60. Bxf1 b1Q+ 61. Kxf4 Qxf1+ 62. Kg5 Qh1 0-1

[Event "Neos Marmaras op 4th"]
[Site "Neos Marmaras"]
[Date "2012.04.21"]
[Round "8"]
[White "Marantidis, Panagiotis"]
[Black "Avagianos, Simeon"]
[Result "0-1"]
[WhiteElo "1924"]
[BlackElo "2060"]
[PlyCount "80"]
[EventDate "2012.04.16"]
[EventType "swiss"]
[EventRounds "9"]
[EventCountry "GRE"]
[SourceTitle "CBM 148 Extra"]
[Source "ChessBase"]
[SourceDate "2012.06.22"]
[SourceVersion "1"]
[SourceVersionDate "2012.06.22"]
[SourceQuality "1"]

1. e4 c5 2. Nf3 d6 3. d4 cxd4 4. Nxd4 Nf6 5. Nc3 a6 6. Be2 e5 7. Nb3 Be7 8. 0-0 Nbd7 9. Be3 b5 10. f3 Bb7 11. Qd2 Rc8 12. Rad1 Nb6 13. Kh1 Qc7 14. Bxb5+ axb5 15. Nxb5 Qd8 16. Bxb6 Qxb6 17. Nxd6+ Bxd6 18. Qxd6 Qxd6 19. Rxd6 Rxc2 20. Rb6 Bc8 21. Nc1 0-0 22. Rd1 Be6 23. a4 Rfc8 24. Nd3 Nd7 25. Rb4 f6 26. h4 Nc5 27. a5 Rd8 28. Nf2 Rxd1+ 29. Nxd1 Rc1 30. Rb8+ Kf7 31. Rd8 Nd7 32. b4 Rxd1+ 33. Kh2 Ke7 34. Rc8 Ra1 35. Rc2 Ra4 36. Rb2 Bc4 37. Kh3 Bb5 38. g3 Nb8 39. Rc2 Na6 40. Rc8 Bd7+ 0-1